Religión 5 : (Registro nro. 9552)

Detalles MARC
000 -LIDER
fixed length control field 01912nam a2200361 a 4500
001 - NÚMERO DE CONTROL
Identificador de número de control 00003822
003 - IDENTIFICACDOR DE NÚMERO DE CONTROL
control field DO-SdBNP
005 - DATE AND TIME OF LATEST TRANSACTION
control field 20180312134537.0
007 - CAMPOS FIJOS DE DESCRIPCIÓN FÍSICA
fixed length control field 00003822
008 - ELEMENTOS DE LONGITUD FIJA
fixed length control field 091117s2005 dr a 000 0 spa d
020 ## - ISBN
International Standard Book Number 9945110640
040 ## - FUENTE DE CATALOGACIÓN
Agencia que crea de manera original el registro BPMSU
Idioma de catalogación spa
Agencia que realiza la transcripción BPMSU
092 ## - LOCALLY ASSIGNED DEWEY DECIMAL CALL NUMBER
Número de clasificación 372.84
Número de ítem (Cutter) R696r 5to. 2005
100 1# - ASIENTO PRINCIPAL -- NOMBRE PERSONAL
Nombre personal Rodríguez, Federico
245 00 - MENCIÓN DE TITULO
Título Religión 5 :
Subtítulo educación básica /
Mención de responsabilidad Federico Rodríguez ; dirección editorial Obdulia García de Escobar ; ilustración José Amado Polanco.
260 ## - PUBLICACIÓN, DISTRIBUCIÓN, ETC. (PIE DE IMPRENTA)
Lugar de publicación, distribución, etc Santo Domingo :
Nombre del editor, distribuidor, etc. Santillana,
Fecha de publicación, distribución, etc 2005.
300 ## - DESCRIPCIÓN FÍSICA
Extensión 119 p. :
Otros detalles físicos il., retrs. ;
Dimensiones 28 cm.
490 1# - MENCIÓN DE SERIES
Mención de serie Ámbar
500 ## - NOTA GENERAL
Nota general Este libro ha sido realizado de conformidad con el currículum vigente y ha sido sometido a la aprobación de la SEEBAC "Secretaría de Estado de Educación Bellas Artes y Cultos"
505 1# - NOTA DE CONTENIDO
Título Dios hizo todo bueno --
-- Dios promete el bien a los que creen en Él --
-- Dios quiere que seamos libres --
-- El mensaje de los profetas --
-- Jesús, el Mesías esperado --
-- Jesús nos enseña la felicidad --
-- Jesús nos enseña a hablar con Dios --
-- Jesús nos invita a mejorar cada día --
-- El perdón es más grande que el pecado --
-- Hay que estar alegres: Jesús resucitó --
-- La historia de los primeros cristianos --
-- La comunidad de los seguidores de Jesús --
-- La iglesia comunica el mensaje de Jesús --
-- La iglesia comparte.
650 #4 - ENCABEZAMIENTO DE MATERIA--TEMÁTICO
Término temático o nombre geográfico como elemento de entrada RELIGIÓN
Subdivisión temática general ENSEÑANZA BÁSICA
650 #4 - ENCABEZAMIENTO DE MATERIA--TEMÁTICO
Término temático o nombre geográfico como elemento de entrada RELIGIÓN
Subdivisión temática general ESTUDIOS Y EJERCICIOS
650 #4 - ENCABEZAMIENTO DE MATERIA--TEMÁTICO
Término temático o nombre geográfico como elemento de entrada RELIGIÓN
Subdivisión temática general LIBROS DE TEXTOS
650 #4 - ENCABEZAMIENTO DE MATERIA--TEMÁTICO
Término temático o nombre geográfico como elemento de entrada RELIGIÓN
Subdivisión temática general EDUCACIÓN PRIMARIA
650 #4 - ENCABEZAMIENTO DE MATERIA--TEMÁTICO
Término temático o nombre geográfico como elemento de entrada EDUCACIÓN PRIMARIA
Subdivisión geográfica REPÚBLICA DOMINICANA
700 12 - ASIENTO SECUNDARIO -- NOMBRE PERSONAL
Nombre personal García de Escobar, Obdulia,
Mención de responsabilidad ed.
700 12 - ASIENTO SECUNDARIO -- NOMBRE PERSONAL
Nombre personal Polanco, José Amado,
Mención de responsabilidad il.
830 #0 - ASIENTO SECUNDARIO DE SERIE--TÍTULO UNIFORME
Título uniforme Ámbar
910 ## - VALIDACIÓN
Validación Validado. Control de calidad MFF
942 ## - ADDED ENTRY ELEMENTS (KOHA)
Source of classification or shelving scheme Dewey Decimal Classification
Koha item type Libros
945 ## - INFORMACIÓN DE PROCESAMIENTO LOCAL
Información de procesamiento local Remanejado para la BNPHU / 2018 VM
956 ## - LOCAL ELECTRONIC LOCATION AND ACCESS (OCLC)
Nombre de host LOPEREZ
Número de acceso 10
Información de compresión 20160405
Inicio de sesión BPMSU
Procesador de solicitud 0041
Existencias
Withdrawn status Lost status Source of classification or shelving scheme Damaged status Not for loan Collection code Home library Current library Date acquired Source of acquisition Total Checkouts Full call number Barcode Date last seen Price effective from Koha item type
    Dewey Decimal Classification       Biblioteca Pública Metropolitana Salomé Ureña Biblioteca Pública Metropolitana Salomé Ureña 04/05/2016 Donación   372.84 R696r 5to. 2005 BPMSU16040120 04/05/2016 04/05/2016 Libros